<?xml version="1.0" encoding="UTF-8"?>
<collection xmlns:xsi="http://www.w3.org/2001/XMLSchema-instance" xsi:schemaLocation="http://www.loc.gov/MARC21/slim http://www.loc.gov/standards/marcxml/schema/MARC21slim.xsd" xmlns="http://www.loc.gov/MARC21/slim">
 <record>
  <leader>00000cja a22000003a 4500</leader>
  <controlfield tag="001">UP-99796217610571499</controlfield>
  <controlfield tag="003">Buklod</controlfield>
  <controlfield tag="005">20130109154556.0</controlfield>
  <controlfield tag="006">a     r    |||| u|</controlfield>
  <controlfield tag="007">s| u||||||u|u|</controlfield>
  <controlfield tag="008">130109s1994    xx     d|||||||||||||| | </controlfield>
  <datafield tag="035" ind1=" " ind2=" ">
   <subfield code="a">(iLib)UPD-00192603158</subfield>
  </datafield>
  <datafield tag="040" ind1=" " ind2=" ">
   <subfield code="a">OH</subfield>
   <subfield code="d">DMUS</subfield>
  </datafield>
  <datafield tag="041" ind1=" " ind2=" ">
   <subfield code="a">eng</subfield>
   <subfield code="b">ger</subfield>
   <subfield code="b">fre</subfield>
  </datafield>
  <datafield tag="090" ind1=" " ind2=" ">
   <subfield code="a">CD 1654</subfield>
  </datafield>
  <datafield tag="100" ind1="0" ind2=" ">
   <subfield code="a">Milstein, Nathan</subfield>
   <subfield code="d">1903-1992.</subfield>
  </datafield>
  <datafield tag="245" ind1="0" ind2="4">
   <subfield code="a">The last recital [sound recording]</subfield>
   <subfield code="c">Nathan Milstein.</subfield>
  </datafield>
  <datafield tag="264" ind1=" " ind2="1">
   <subfield code="a">[Germany]</subfield>
   <subfield code="b">Teldec</subfield>
   <subfield code="c">p1994</subfield>
  </datafield>
  <datafield tag="300" ind1=" " ind2=" ">
   <subfield code="a">1 sound disc</subfield>
   <subfield code="b">digital, stereo.</subfield>
   <subfield code="c">4 3/4 in</subfield>
  </datafield>
  <datafield tag="306" ind1=" " ind2=" ">
   <subfield code="a">69min. 01 sec.</subfield>
  </datafield>
  <datafield tag="500" ind1=" " ind2=" ">
   <subfield code="a">Program notes in English, German, and French (19 p. : ill.) inserted in container.</subfield>
  </datafield>
  <datafield tag="500" ind1=" " ind2=" ">
   <subfield code="a">For solo violin or violin and piano; original works and arrangements.</subfield>
  </datafield>
  <datafield tag="505" ind1="0" ind2=" ">
   <subfield code="a">Violin sonata in A major, op. 47 : Kreutzer / Ludwig van Beethoven (29:41) -- Partita II in D minor, BWV 1004. Nr. 5, Chaconne / Johann Sebastian Bach (12:41) -- Sonata in A major for violin &amp; piano, op. 1 no. 3 / Georg Friedrich Händel (6:45) -- Sonata no. 3 for violin solo in  C major, BWV 1005. Nr. 3, Allegro assai / Johann Sebastian Bach (2:31) -- Introduction et tarantelle, op. 43 / Pablo de Sarasate (4:22) -- The tales of an old grandmother : op. 31. No. 2, Andantino ; No. 3, Andante assai / Sergei Prokofiev ; transcription for violin &amp; piano, N. Milstein (4:19) -- Mazeppa. Act 3. Maria's aria / Peter Tchaikovsky ; transcription for violin  &amp; piano, N. Milstein (2:18) -- Caprice for violin solo, op. 1, no. 13 / Nicolò Paganini (2:33) -- Consolation no. 3 / Franz Liszt ; transcription for violin &amp; piano, N. Milstein (3:12)</subfield>
  </datafield>
  <datafield tag="511" ind1="0" ind2=" ">
   <subfield code="a">Nathan Milstein, violin ; Georges Pludermacher, piano.</subfield>
  </datafield>
  <datafield tag="518" ind1=" " ind2=" ">
   <subfield code="a">Recorded live, Berwaldhallen, Stockholm, June 1986.</subfield>
  </datafield>
  <datafield tag="650" ind1="1" ind2="7">
   <subfield code="a">Violin music.</subfield>
  </datafield>
  <datafield tag="650" ind1=" " ind2="0">
   <subfield code="a">Sonatas (Violin and piano).</subfield>
  </datafield>
  <datafield tag="650" ind1=" " ind2="0">
   <subfield code="a">Violin and piano music, Arranged.</subfield>
  </datafield>
  <datafield tag="700" ind1="1" ind2=" ">
   <subfield code="a">Pludermacher, Georges.</subfield>
  </datafield>
  <datafield tag="700" ind1="1" ind2=" ">
   <subfield code="a">Beethoven, Ludwig van</subfield>
   <subfield code="d">1770-1827.</subfield>
  </datafield>
  <datafield tag="700" ind1="1" ind2=" ">
   <subfield code="a">Bach, Johann Sebastian</subfield>
   <subfield code="d">1685-1750.</subfield>
  </datafield>
  <datafield tag="700" ind1="1" ind2=" ">
   <subfield code="a">Handel, George Frideric</subfield>
   <subfield code="d">1685-1759.</subfield>
  </datafield>
  <datafield tag="700" ind1="1" ind2=" ">
   <subfield code="a">Sarasate, Pablo de</subfield>
   <subfield code="d">1844-1908.</subfield>
  </datafield>
  <datafield tag="700" ind1="1" ind2=" ">
   <subfield code="a">Prokofiev, Sergey</subfield>
   <subfield code="d">1891-1953.</subfield>
  </datafield>
  <datafield tag="700" ind1="1" ind2=" ">
   <subfield code="a">Tchaikovsky, Peter Ilich</subfield>
   <subfield code="d">1840-1893.</subfield>
  </datafield>
  <datafield tag="700" ind1="1" ind2=" ">
   <subfield code="a">Paganini, Nicolò</subfield>
   <subfield code="d">1782-1840.</subfield>
  </datafield>
  <datafield tag="700" ind1="1" ind2=" ">
   <subfield code="a">Liszt, Franz</subfield>
   <subfield code="d">1811-1886.</subfield>
  </datafield>
  <datafield tag="905" ind1=" " ind2=" ">
   <subfield code="a">FO</subfield>
  </datafield>
  <datafield tag="950" ind1=" " ind2=" ">
   <subfield code="a">Optic</subfield>
  </datafield>
  <datafield tag="852" ind1="0" ind2=" ">
   <subfield code="a">UPD</subfield>
   <subfield code="b">DMUS</subfield>
   <subfield code="h">CD 1654</subfield>
  </datafield>
  <datafield tag="942" ind1=" " ind2=" ">
   <subfield code="a">Music</subfield>
  </datafield>
 </record>
</collection>
